00239nam a22000977a 4500082001000000100001800010245004100028250002100069260004000090300001100130 a297.5 aS. Y. Hashimy aIslam As An Ethical and A Political  a second editioon aLahore bIslamic Book Servicec1977 a117 p.